| 000 | 00454nam a22001577a 4500 | ||
|---|---|---|---|
| 005 | 20231128135329.0 | ||
| 008 | 231128b |||||||| |||| 00| 0 eng d | ||
| 041 | _aEnglish / Afrikaans | ||
| 082 | _a340.1 ATT | ||
| 100 |
_aBobbert, MCJ _lEnglish |
||
| 245 |
_aAttorney's Ethics / _cMCJ Bobbert |
||
| 260 | _c2009 | ||
| 300 |
_b133 pages ; _c30,3 cm. |
||
| 650 |
_aLegal practice _bAlison BN Vries |
||
| 942 |
_cBK _6ALISON_BN_VRIES |
||
| 999 |
_c1020 _d1020 |
||